Tìm lấy cơ hội trên thương trường: Hoạch định sách lược phân tích swot

Na minha lista:
Detalhes bibliográficos
Autor principal: Lý, Thần Tùng
Formato: Livro
Idioma:Undetermined
Publicado em: Hà Nội Lao động xã hội 2004
Assuntos:
Tags: Adicionar Tag
Sem tags, seja o primeiro a adicionar uma tag!
Thư viện lưu trữ: Trung tâm Học liệu Trường Đại học Cần Thơ
LEADER 00613nam a2200181Ia 4500
001 CTU_93361
008 210402s9999 xx 000 0 und d
082 |a 658.4012 
082 |b T513 
100 |a Lý, Thần Tùng 
245 0 |a Tìm lấy cơ hội trên thương trường: Hoạch định sách lược phân tích swot 
245 0 |c Lý Thần Tùng 
260 |a Hà Nội 
260 |b Lao động xã hội 
260 |c 2004 
650 |a Business,Managerial economics,Strategic planning 
904 |i Năm 
980 |a Trung tâm Học liệu Trường Đại học Cần Thơ